El programa de lectura silenciosa sostenida
Guardat en:
| Autor principal: | |
|---|---|
| Format: | Llibre |
| Idioma: | espanyol |
| Publicat: |
Santiago
Andrés Bello
1987
|
| Edició: | 2a. ed |
| Col·lecció: | Colección biblioteca saber
|
| Matèries: | |
| Etiquetes: |
Afegir etiqueta
Sense etiquetes, Sigues el primer a etiquetar aquest registre!
|
MARC
| LEADER | 00000nam a2200000 a 4500 | ||
|---|---|---|---|
| 001 | UCW3844 | ||
| 003 | CL-VaPUC | ||
| 008 | 890420e19870000CL |||||||||||||||||spa|d | ||
| 082 | 0 | 4 | |a 372.4142 |b CON |2 21 |
| 100 | 0 | |a Condemarín Grimberg, Mabel |e author |9 308246 | |
| 245 | 1 | 3 | |a El programa de lectura silenciosa sostenida |
| 250 | |a 2a. ed | ||
| 300 | |a 56 p | ||
| 942 | |c BK | ||
| 945 | |d 19890420 00:00:00 | ||
| 260 | |a Santiago |b Andrés Bello |c 1987 | ||
| 650 | 7 | |a LECTURA SILENCIOSA |2 CL-VaPUC |9 308247 | |
| 583 | |a last modification |c 19890420 00:00:00 |k Rodrigo Vera | ||
| 490 | 0 | |a Colección biblioteca saber | |
| 999 | |c 217726 |d 217724 | ||
| 952 | |0 0 |1 0 |4 0 |6 372_414200000000000_CON_1987 |7 0 |8 A |9 205859 |a BIBEDU |b BIBEDU |d 2019-11-15 |i 2738023 |o 372.4142 CON 1987 |p 2738023 |r 2019-11-15 |w 2019-11-15 |y BK |k EDU | ||
| 952 | |0 0 |1 0 |4 0 |6 372_414200000000000_CON_1987 |7 0 |8 A |9 205860 |a BIBEDU |b BIBEDU |d 2019-11-15 |i 273804K |o 372.4142 CON 1987 |p 273804K |r 2019-11-15 |w 2019-11-15 |y BK |k EDU | ||
| 952 | |0 0 |1 0 |4 0 |6 372_414200000000000_CON_1987 |7 0 |8 A |9 205861 |a BIBEDU |b BIBEDU |d 2019-11-15 |i 2738058 |o 372.4142 CON 1987 |p 2738058 |r 2019-11-15 |w 2019-11-15 |y BK |k EDU | ||
| 952 | |0 0 |1 0 |4 0 |6 372_414200000000000_CON_1987 |7 0 |8 A |9 205862 |a BIBEDU |b BIBEDU |d 2019-11-15 |i 2738066 |o 372.4142 CON 1987 |p 2738066 |r 2019-11-15 |w 2019-11-15 |y BK |k EDU | ||
| 952 | |0 0 |1 0 |4 0 |6 372_414200000000000_CON_1987 |7 0 |8 A |9 205863 |a BIBEDU |b BIBEDU |d 2019-11-15 |i 150374K |o 372.4142 CON 1987 |p 150374K |r 2019-11-15 |w 2019-11-15 |y BK |k EDU | ||